00457nam a2200193Ia 4500003000400000005001700004008004100021020002200062040000700084041000800091082002300099100001400122245004400136260003700180300001200217365001400229440000600243650001400249OSt20230502145142.0210423s2020 xx 000 0 und d a978-93-87752-36-8 cAL aeng a330.072 223bRAOR aRAO (P B) aResearch methodology in economics Vol 2 aJaipurbCorner Stone Pressc2020 a248bHB b1750cINR v2 aEconomics